000 00577nam a2200217Ia 4500
003 OSt
005 20220926034922.0
006 a|||||r|||| 00| 0
007 ta
008 220923b |||||||| |||| 00| 0 eng d
037 _cGeneral Book
040 _aRTL
_cRTL
_beng
041 _2eng
_aeng
082 _aX46.73.M2, F4
100 _aRich Wesley Everett
_9341454
245 0 _aHistory of the United States post office to the ye
260 _c1924
650 _aAir
942 _hX46.73.M2, F4
_cGB
_2CC
999 _c660777
_d660777